[Event "TUR-chT Superleague 2018"]
[Site "Ankara"]
[Date "2018.08.01"]
[Round "8"]
[White "Celik, Eda"]
[Black "Aydin, Gulenay"]
[Result "1-0"]
[WhiteElo "1976"]
[BlackElo "1894"]
[Annotator "NA"]
[PlyCount "83"]
[EventDate "2018.07.25"]
[EventType "team-tourn"]
[EventCountry "TUR"]
[SourceTitle "playchess.com"]
[Source "ChessBase"]
[SourceQuality "1"]
[TimeControl "40/5400+30:1800+30"]

1. e4 c5 2. Nf3 d6 3. d4 cxd4 4. Nxd4 Nf6 5. Nc3 g6 6. Be3 Bg7 7. f3 a6 8. Qd2 h5 9. Be2 Nbd7 10. O-O O-O 11. a4 Ne5 12. a5 Bd7 13. Na4 Bxa4 14. Rxa4 Rc8 15. c4 Qd7 16. b3 Nc6 17. Nc2 Rfe8 18. Ra2 e6 19. Rd1 Bf8 20. b4 Qe7 21. b5 Ne5 22. Na3 Ned7 23. Nc2 Nc5 24. Nd4 Red8 25. Bg5 Rd7 26. Rb2 Bg7 27. h4 Rdd8 28. bxa6 Nxa6 29. Rb6 Bf8 {[%emt 1:43:12]} 30. Nb5 {[%emt 1:43:30]} Rc6 {[%emt 0:00:30]} 31. e5 {[%emt 0:00:30]} Rxb6 {[%emt 0:00:57]} 32. axb6 {[%emt 0:01:23]} Bg7 {[%emt 0:00:30]} 33. exf6 {[%emt 0:00:30]} Bxf6 {[%emt 0:00:30]} 34. Bxf6 {[%emt 0:00:30]} Qxf6 {[%emt 0:00:30]} 35. Qg5 {[%emt 0:00:30]} Qxg5 {[%emt 0:00:30]} 36. hxg5 {[%emt 0:00:00]} d5 {[%emt 0:00:07]} 37. cxd5 {[%emt 0:00:28]} exd5 {[%emt 0:00:43]} 38. Nc7 {[%emt 0:01:02]} Nxc7 {[%emt 0:00:51]} 39. bxc7 {[%emt 0:00:01]} Rc8 {[%emt 0:00:05]} 40. Rc1 {[%emt 0:00:00]} Kf8 {[%emt 0:00:00]} 41. Bb5 {[%emt 0:06:06]} Ke7 {[%emt 0:01:05]} 42. Kf2 {[%emt 0:01:30]} 1-0

[Event "TUR-chT Superleague 2018"]
[Site "Ankara"]
[Date "2018.08.01"]
[Round "8"]
[White "Sade, Defne"]
[Black "Can, Isil"]
[Result "1-0"]
[WhiteElo "1968"]
[BlackElo "1862"]
[Annotator "NA"]
[PlyCount "91"]
[EventDate "2018.07.25"]
[EventType "team-tourn"]
[EventCountry "TUR"]
[SourceTitle "playchess.com"]
[Source "ChessBase"]
[SourceQuality "1"]
[TimeControl "40/5400+30:1800+30"]

1. e4 e5 2. Nf3 Nc6 3. Bb5 a6 4. Ba4 Nf6 5. O-O b5 6. Bb3 Be7 7. Re1 d6 8. a4 Bg4 9. c3 O-O 10. d3 Qd7 11. Nbd2 b4 12. Nf1 Rab8 13. Ba2 Bh5 14. Ng3 Bg6 15. Bg5 h6 16. Bd2 bxc3 17. bxc3 Bh7 18. h3 Rb7 19. Nh2 Rfb8 20. Ng4 Nxg4 21. hxg4 Bg6 22. Nf5 Bxf5 23. gxf5 Bf6 24. Qg4 Kh7 25. Re3 Qe7 26. Rh3 Rb2 27. Bc1 Rxa2 28. Rxa2 Rb1 29. Qd1 Bg5 30. Rd2 Na5 31. Qc2 Rxc1+ 32. Qxc1 Nb3 33. Qd1 Nxd2 34. g3 d5 35. f4 Qc5+ 36. Kh1 exf4 37. Qxd2 dxe4 38. dxe4 {[%emt 1:38:46]} Qe5 {[%emt 1:48:13]} 39. Qd4 {[%emt 0:01:44]} Qxd4 {[%emt 0:01:13]} 40. cxd4 {[%emt 0:00:30]} f3 {[%emt 0:00:30]} 41. g4 {[%emt 0:30:30]} Be3 {[%emt 0:00:34]} 42. d5 {[%emt 0:00:00]} f2 {[%emt 0:00:30]} 43. Kg2 {[%emt 0:00:00]} Bb6 {[%emt 0:00:30]} 44. Rc3 {[%emt 0:00:00]} f6 {[%emt 0:01:30]} 45. Rc6 {[%emt 0:00:00]} Bd4 {[%emt 0:01:30]} 46. Rxc7 {[%emt 0:00:00]} 1-0

[Event "TUR-chT Superleague 2018"]
[Site "Ankara"]
[Date "2018.08.01"]
[Round "8"]
[White "Ayan, Bengu Sena"]
[Black "Balajayeva, Khanim"]
[Result "1/2-1/2"]
[WhiteElo "1894"]
[BlackElo "2332"]
[Annotator "NA"]
[PlyCount "91"]
[EventDate "2018.07.25"]
[EventType "team-tourn"]
[EventCountry "TUR"]
[SourceTitle "playchess.com"]
[Source "ChessBase"]
[SourceQuality "1"]
[TimeControl "40/5400+30:1800+30"]

1. d4 d5 2. c4 dxc4 3. e3 Nf6 4. Bxc4 e6 5. Nf3 a6 6. O-O b5 7. Be2 Bb7 8. Ne5 Nbd7 9. Bf3 Qc8 10. Bc6 Bd6 11. Qf3 Bxc6 12. Nxc6 Qb7 13. Bd2 Nb8 14. Na5 Qxf3 15. gxf3 e5 16. dxe5 Bxe5 17. Bc3 Nbd7 18. Nc6 Bd6 19. e4 Nh5 20. Rd1 Nf4 21. Kf1 f6 22. Nd2 O-O 23. Nb3 Ne5 24. Nbd4 Rfe8 25. Bd2 Nxc6 26. Nxc6 Ng6 27. h3 Nh4 28. Ke2 f5 29. Bg5 Ng6 30. Rd4 f4 31. Rg1 Re6 {[%emt 1:41:50]} 32. h4 {[%emt 1:45:12]} Ne5 {[%emt 0:00:30]} 33. Nxe5 {[%emt 0:00:30]} Bxe5 {[%emt 0:00:30]} 34. Rd7 {[%emt 0:00:00]} Rf8 {[%emt 0:01:36]} 35. Be7 {[%emt 0:00:21]} Re8 {[%emt 0:00:30]} 36. Bb4 {[%emt 0:00:30]} Rc6 {[%emt 0:00:30]} 37. Bc3 {[%emt 0:00:20]} Bxc3 {[%emt 0:00:46]} 38. bxc3 {[%emt 0:00:35]} g6 {[%emt 0:00:30]} 39. h5 {[%emt 0:00:00]} Re5 {[%emt 0:01:14]} 40. hxg6 {[%emt 0:01:12]} hxg6 {[%emt 0:00:00]} 41. Rh1 {[%emt 0:06:50]} Rh5 {[%emt 0:00:34]} 42. Rg1 {[%emt 0:01:30]} Rhc5 {[%emt 0:07:30]} 43. Rh1 {[%emt 0:01:30]} Rh5 {[%emt 0:04:30]} 44. Rg1 {[%emt 0:00:30]} Rhc5 {[%emt 0:06:12]} 45. Rh1 {[%emt 0:00:30]} Rh5 {[%emt 0:01:08]} 46. Rg1 {[%emt 0:00:30]} 1/2-1/2

[Event "TUR-chT Superleague 2018"]
[Site "Ankara"]
[Date "2018.08.01"]
[Round "8"]
[White "Erece, Ece Alkim"]
[Black "Ozbek, Busra"]
[Result "0-1"]
[WhiteElo "1788"]
[BlackElo "1848"]
[Annotator "NA"]
[PlyCount "82"]
[EventDate "2018.07.25"]
[EventType "team-tourn"]
[EventCountry "TUR"]
[SourceTitle "playchess.com"]
[Source "ChessBase"]
[SourceQuality "1"]
[TimeControl "40/5400+30:1800+30"]

1. d4 d6 2. Nf3 g6 3. e3 Bg7 4. Bd3 Nf6 5. O-O O-O 6. c4 Nbd7 7. Nc3 e5 8. Bc2 c6 9. b3 Re8 10. a4 Qa5 11. Bd2 Qc7 12. d5 a5 13. e4 Nc5 14. Qe2 h6 15. Rad1 Na6 16. Bc1 Nd7 17. Qd2 Bf8 18. Ne2 Ndc5 19. Ng3 Qb6 20. Qe3 Nb4 21. Bb1 Qa6 22. Nh4 cxd5 23. cxd5 b5 24. axb5 Qa7 25. Nf3 Bd7 26. Ba3 Bxb5 27. Rfe1 Rec8 28. Qd2 Nxb3 29. Qb2 Ba4 30. Bxb4 axb4 31. Bc2 Rxc2 32. Qxc2 Nc5 33. Qb2 Bxd1 34. Rxd1 b3 35. Nd2 {[%emt 1:39:33]} Nd3 {[%emt 1:45:31]} 36. Qxb3 {[%emt 0:00:30]} Qxf2+ {[%emt 0:00:30]} 37. Kh1 {[%emt 0:00:30]} Ne1 {[%emt 0:00:30]} 38. Rxe1 {[%emt 0:00:30]} Qxe1+ {[%emt 0:00:30]} 39. Ngf1 {[%emt 0:00:30]} Ra1 {[%emt 0:00:30]} 40. Qd3 {[%emt 0:00:00]} Rd1 {[%emt 0:00:23]} 41. Kg1 {[%emt 0:00:57]} Be7 {[%emt 0:00:36]} 0-1

[Event "TUR-chT Superleague 2018"]
[Site "Ankara"]
[Date "2018.08.01"]
[Round "8"]
[White "Yildirim, Ibrahim Halil"]
[Black "Ozenir, Ekin Baris"]
[Result "0-1"]
[WhiteElo "1783"]
[BlackElo "2314"]
[Annotator "NA"]
[PlyCount "136"]
[EventDate "2018.07.25"]
[EventType "team-tourn"]
[EventCountry "TUR"]
[SourceTitle "playchess.com"]
[Source "ChessBase"]
[SourceQuality "1"]
[TimeControl "40/5400+30:1800+30"]

1. e4 Nc6 2. Nc3 e6 3. d4 Bb4 4. a3 Bxc3+ 5. bxc3 d6 6. Bd3 Nge7 7. Ne2 O-O 8. O-O e5 9. f4 Bg4 10. d5 Nb8 11. f5 Nd7 12. Qe1 f6 13. Ng3 Qe8 14. Be3 Bh5 15. Nxh5 Qxh5 16. Rf3 Qf7 17. Rh3 Rfc8 18. Qh4 Nf8 19. Rf1 c6 20. c4 a6 21. c5 cxd5 22. cxd6 Nc6 23. exd5 Nb8 24. c4 Nbd7 25. Qf2 e4 26. Be2 Ne5 27. Rc1 b5 28. c5 Qxd5 29. Rd1 Qc6 30. Qf4 Ned7 31. Rc1 {[%emt 1:44:45]} Qd5 {[%emt 1:41:51]} 32. Rd1 {[%emt 0:00:30]} Qc6 {[%emt 0:00:30]} 33. Rc1 {[%emt 0:00:36]} Qd5 {[%emt 0:01:41]} 34. Qf2 {[%emt 0:00:30]} Kh8 {[%emt 0:02:08]} 35. Bf1 {[%emt 0:00:35]} Ne5 {[%emt 0:00:46]} 36. Bf4 {[%emt 0:00:30]} Rc6 {[%emt 0:00:30]} 37. Bxe5 {[%emt 0:00:25]} Qxe5 {[%emt 0:00:07]} 38. Rhc3 {[%emt 0:00:33]} Rac8 {[%emt 0:00:22]} 39. Qa2 {[%emt 0:00:33]} Qxf5 {[%emt 0:00:50]} 40. Qf7 {[%emt 0:00:00]} Qd7 {[%emt 0:00:00]} 41. Qxd7 {[%emt 0:15:12]} Nxd7 {[%emt 0:00:45]} 42. Kf2 {[%emt 0:01:47]} f5 {[%emt 0:08:30]} 43. Ke3 {[%emt 0:04:15]} h5 {[%emt 0:07:03]} 44. Kd4 {[%emt 0:03:19]} g6 {[%emt 0:02:48]} 45. R3c2 {[%emt 0:02:27]} Kg7 {[%emt 0:01:30]} 46. a4 {[%emt 0:04:59]} bxa4 {[%emt 0:01:14]} 47. Bxa6 {[%emt 0:01:38]} Rxa6 {[%emt 0:03:45]} 48. c6 {[%emt 0:00:51]} Kf6 {[%emt 0:03:56]} 49. Kd5 {[%emt 0:00:30]} Ra5+ {[%emt 0:02:12]} 50. Kd4 {[%emt 0:00:13]} Ke6 {[%emt 0:00:43]} 51. cxd7 {[%emt 0:01:11]} Rd8 {[%emt 0:00:11]} 52. Rc5 {[%emt 0:00:06]} Rxc5 {[%emt 0:00:59]} 53. Kxc5 {[%emt 0:00:02]} Rxd7 {[%emt 0:00:13]} 54. Ra1 {[%emt 0:00:43]} Rxd6 {[%emt 0:00:13]} 55. Rxa4 {[%emt 0:00:01]} Rd2 {[%emt 0:00:36]} 56. Ra6+ {[%emt 0:00:44]} Kf7 {[%emt 0:00:30]} 57. h4 {[%emt 0:00:00]} Rxg2 {[%emt 0:00:57]} 58. Kd4 {[%emt 0:00:06]} Rg4 {[%emt 0:00:49]} 59. Ke5 {[%emt 0:00:25]} e3 {[%emt 0:00:28]} 60. Ra7+ {[%emt 0:00:47]} Ke8 {[%emt 0:00:21]} 61. Kf6 {[%emt 0:01:08]} Re4 {[%emt 0:00:14]} 62. Ra8+ {[%emt 0:00:11]} Kd7 {[%emt 0:00:30]} 63. Ra7+ {[%emt 0:00:00]} Kc8 {[%emt 0:00:07]} 64. Ra8+ {[%emt 0:00:18]} Kb7 {[%emt 0:00:30]} 65. Ra1 {[%emt 0:00:30]} e2 {[%emt 0:00:00]} 66. Re1 {[%emt 0:00:00]} f4 {[%emt 0:00:00]} 67. Kxg6 {[%emt 0:00:13]} f3 {[%emt 0:00:00]} 68. Kf5 {[%emt 0:00:14]} Re8 {[%emt 0:00:00]} 0-1

[Event "TUR-chT Superleague 2018"]
[Site "Ankara"]
[Date "2018.08.01"]
[Round "8"]
[White "Keskin, Elif"]
[Black "Onur, Cigdem"]
[Result "0-1"]
[WhiteElo "1775"]
[BlackElo "1750"]
[Annotator "NA"]
[PlyCount "68"]
[EventDate "2018.07.25"]
[EventType "team-tourn"]
[EventCountry "TUR"]
[SourceTitle "playchess.com"]
[Source "ChessBase"]
[SourceQuality "1"]
[TimeControl "40/5400+30:1800+30"]

1. d4 d5 2. Nf3 Nf6 3. e3 e6 4. Bd3 c5 5. O-O Nc6 6. c3 Bd6 7. Nbd2 O-O 8. Qe2 e5 9. dxe5 Nxe5 10. Nxe5 Bxe5 11. Nf3 Bc7 12. h3 Re8 13. Qc2 Ne4 14. c4 Qd6 15. Rd1 Qg6 16. Kh1 Qh5 17. Bxe4 dxe4 18. Ng1 Be6 {[%emt 1:37:26]} 19. Qe2 {[%emt 1:20:21]} Qxe2 {[%emt 0:00:30]} 20. Nxe2 {[%emt 0:00:30]} Bxc4 {[%emt 0:00:30]} 21. Nc3 {[%emt 0:02:09]} Rad8 {[%emt 0:00:49]} 22. Bd2 {[%emt 0:01:05]} b6 {[%emt 0:00:56]} 23. Rac1 {[%emt 0:01:24]} Ba6 {[%emt 0:00:30]} 24. a4 {[%emt 0:01:23]} Be5 {[%emt 0:01:03]} 25. b3 {[%emt 0:01:18]} f5 {[%emt 0:00:10]} 26. g4 {[%emt 0:02:06]} fxg4 {[%emt 0:00:53]} 27. hxg4 {[%emt 0:00:09]} Bc8 {[%emt 0:00:00]} 28. Be1 {[%emt 0:04:36]} Bxg4 {[%emt 0:00:03]} 29. Rd2 {[%emt 0:02:24]} Bf3+ {[%emt 0:00:30]} 30. Kg1 {[%emt 0:00:00]} Rxd2 {[%emt 0:00:37]} 31. Bxd2 {[%emt 0:00:00]} Re6 {[%emt 0:00:24]} 32. Kf1 {[%emt 0:03:08]} Rh6 {[%emt 0:00:08]} 33. Ne2 {[%emt 0:00:18]} Rh1+ {[%emt 0:00:30]} 34. Ng1 {[%emt 0:00:30]} Bh2 {[%emt 0:00:30]} 0-1

[Event "TUR-chT Superleague 2018"]
[Site "Ankara"]
[Date "2018.08.02"]
[Round "9"]
[White "Jakovenko, Dmitry"]
[Black "Mamedov, Rauf"]
[Result "1/2-1/2"]
[WhiteElo "2748"]
[BlackElo "2708"]
[Annotator "TA"]
[PlyCount "141"]
[EventDate "2018.07.25"]
[EventType "team-tourn"]
[EventCountry "TUR"]
[SourceTitle "playchess.com"]
[Source "ChessBase"]
[SourceQuality "1"]

{[%evp 18,141,27,22,69,32,29,12,12,0,6,0,0,0,0,0,0,0,0,0,38,48,41,27,26,27,31,31,25,24,27,25,32,26,36,36,39,36,41,32,43,34,34,34,57,50,57,24,29,29,35,29,35,2,17,25,30,22,48,45,48,48,32,34,48,25,125,120,160,160,158,140,131,55,55,51,51,51,48,0,48,48,48,48,48,48,48,48,48,32,32,14,17,13,18,18,20,18,20,8,7,7,6,1,8,7,8,0,0,0,0,0,0,0,8,8,8,8,8,0,0,0,0,0,0,0]} 1. d4 d5 2. c4 e6 3. Nf3 c5 4. cxd5 exd5 5. Nc3 Nc6 6. dxc5 d4 7. Na4 Bxc5 {D32: Damengambit (Tarrasch-Verteidigung)} 8. Nxc5 Qa5+ 9. Bd2 Qxc5 10. Rc1 {LiveBook: 66 Partien} (10. e3 dxe3 11. Bxe3 Qb4+ 12. Qd2 Qxd2+ 13. Bxd2 Nge7 14. O-O-O Be6 15. b3 {½-½ (24) Anand,V (2792)-Sadler,M (2653) London 2014}) 10... Qe7 11. e3 (11. Qa4 {seems wilder.} Qe4 12. e3 Nge7 13. Be2 O-O 14. O-O) 11... Nf6 12. Be2 O-O $146 ({Vorgänger:} 12... dxe3 13. Bxe3 Qb4+ 14. Nd2 Be6 {1-0 (67) Duessel,U (2180)-Kresovic,V (2229) Germany 2005}) 13. O-O Rd8 14. Nxd4 Nxd4 15. exd4 Rxd4 {[#] Und weiter mit ...Dd8 wäre nett.} 16. Qe1 Re4 17. Be3 $1 Nd5 18. Bf3 Nxe3 (18... Re5 {is more complex.} 19. Bxd5 Rxd5 20. f3 a5 21. Bf4 Be6) 19. Bxe4 Nxf1 20. Kxf1 Be6 21. Bd5 Qd6 22. Bxe6 ({Viel schlechter ist} 22. Bxb7 Rb8 $17) 22... fxe6 $14 {[%mdl 4096] Endspiel KDT-KDT} 23. Kg1 Rd8 24. h3 h6 25. Qe3 a6 26. Re1 Re8 27. Qe4 Qd2 28. Re2 Qd7 29. Qe5 Re7 30. Re4 Qd1+ 31. Kh2 Qd7 32. f4 Kf7 33. Rd4 Qc7 34. Rd6 Qc2 35. Qh5+ (35. Kg3 {with more complications.} Qg6+ 36. Kf3 Qb1 37. Qh5+ Kf6 38. Rd8) 35... Qg6 36. Qxg6+ Kxg6 $11 {KT-KT} 37. g4 Kf6 38. Kg3 g6 39. Kf3 Rc7 40. Rb6 h5 41. Ke3 hxg4 (41... h4 $1 $11) 42. hxg4 $16 Rd7 43. Ke4 Ke7 44. a4 Rc7 45. b3 (45. g5 $16) 45... Rd7 46. g5 Rc7 47. Rb4 Kd6 48. Rb6+ Ke7 49. Kd4 Rd7+ $1 50. Ke5 Rd5+ 51. Ke4 Rd7 52. Rb4 Rc7 $1 53. Ke5 Rd7 54. Rc4 a5 {Die Stellung ist ausgeglichen.} 55. Ke4 Rd5 56. Rc7+ Rd7 57. Rc3 Rd1 58. Rh3 {Droht Th7+.} Re1+ 59. Kd4 Kd6 60. Rh6 Rf1 61. Ke4 Re1+ 62. Kf3 Rb1 63. Rxg6 Rxb3+ 64. Kg4 {[#] Droht stark f5.} Rb4 65. Rg8 {Und g6 würde nun gewinnen.} Ke7 66. g6 {zielt auf Kg5 ab.} e5 $1 ({Bitte nicht} 66... Rxa4 $6 67. Kg5 $16) 67. Kg5 exf4 68. Rg7+ Kf8 $1 {[%cal Rf8g7]} 69. Rf7+ Kg8 70. Rxf4 b6 71. Rf6 {Precision: Weiß = 66%, Schwarz = 72%.} 1/2-1/2

[Event "TUR-chT Superleague 2018"]
[Site "Ankara"]
[Date "2018.08.02"]
[Round "9"]
[White "Cheparinov, Ivan"]
[Black "Kravtsiv, Martyn"]
[Result "0-1"]
[WhiteElo "2718"]
[BlackElo "2654"]
[Annotator "TA"]
[PlyCount "119"]
[EventDate "2018.07.25"]
[EventType "team-tourn"]
[EventCountry "TUR"]
[SourceTitle "playchess.com"]
[Source "ChessBase"]
[SourceQuality "1"]

{[%evp 14,119,10,3,11,6,20,0,0,0,0,0,13,11,4,8,6,6,11,4,25,22,29,0,-2,-7,0,0,0,0,0,0,0,0,7,2,4,-59,-16,-17,-23,-47,-14,-64,-66,-89,-112,-100,-14,-105,-110,-99,-108,-108,-104,-93,-96,-114,-119,-141,-148,-127,-139,-215,-215,-269,-298,-262,-281,-283,-272,-266,-268,-250,-251,-255,-251,-552,-545,-8004,-7941,-7961,-7838,-7875,-7838,-7845,-7838,-7824,0,-6455,-6448,-6395,-6395,-6327,-6319,-6045,-1417,-6295,-6045,-5389,-5909,-4678,-1699,-1625,-1338,-12849,-12849,-29991]} 1. c4 Nf6 2. Nc3 e5 3. Nf3 Nc6 4. e3 Bb4 5. Qc2 O-O 6. Nd5 Be7 7. a3 {A28: English Opening: Four Knights Variation} d6 8. Be2 {LiveBook: 6 Games} Re8 (8... Be6 9. Ng5 Bxd5 10. cxd5 Nb8 11. Qb3 Nbd7 12. d3 h6 13. Nf3 c6 14. dxc6 bxc6 {½-½ (39) Cheparinov,I (2710)-Kryvoruchko,Y (2689) Riadh 2017}) 9. O-O $146 {The position is equal.} ({Predecessor:} 9. Nc3 a5 10. h3 g6 11. d3 d5 12. cxd5 Nxd5 13. O-O Be6 14. Rd1 f5 {½-½ (38) Morley,P (2356)-Sherwood,H (2343) ICCF email 2016}) 9... Bf8 10. Ng5 {Threatening mate with Nxf6+.} g6 11. Nxf6+ Qxf6 12. Ne4 Qd8 13. b4 Bg7 14. Bb2 f5 15. Nc3 e4 16. Nd5 Ne5 17. Nf4 Be6 18. d3 (18. Bxe5 {keeps more tension.} Bxe5 19. Nxe6 Rxe6 20. Rab1 Bg7 21. d4) 18... exd3 19. Bxd3 Nxd3 20. Nxd3 Bxb2 21. Nxb2 Qf6 22. Rad1 a5 23. b5 b6 24. Rd4 Re7 25. Nd3 (25. Nd1 $11) 25... Rf8 26. Nf4 g5 27. Nh5 Qg6 28. Qd1 Bc8 29. h4 h6 $1 30. Qf3 {[#]} f4 $1 {[%mdl 512]} 31. hxg5 (31. exf4 $11 gxh4 32. f5 Rxf5 33. Qg4 Qxg4 34. Rxg4+ Kh7 35. Rxh4) 31... hxg5 $17 {Strongly threatening ...fxe3.} 32. exf4 Rh7 33. g4 Bxg4 $1 $40 {[%mdl 128] Black is out for blood.} 34. Qxg4 Qxh5 35. Qxh5 Rxh5 36. Re1 Rxf4 37. Rxf4 gxf4 {[%cal Bg5f4,Bf4f3][%mdl 4128] Endgame KR-KR} 38. Re4 (38. Kg2 $17 {was necessary.}) 38... f3 $1 $19 39. Rg4+ {[#]} Kf7 $1 40. Rf4+ Ke6 41. Rxf3 Rh4 42. Rc3 Ke5 43. Kg2 Kd4 44. Rc1 Kd3 45. a4 $2 (45. Kg3 Rxc4 46. Ra1) 45... Rxc4 46. Rxc4 Kxc4 {KP-KP} 47. f4 {[#]} Kd4 $1 {[%cal Rd4e4]} 48. Kf3 d5 49. f5 Ke5 50. Kg4 d4 {...d3 is the strong threat.} 51. Kg5 $2 {[%mdl 8192]} (51. f6 $11 Kxf6 52. Kf4) 51... d3 {Black is clearly winning.} 52. f6 d2 (52... Ke6 $2 53. Kg6 $19) 53. f7 d1=Q {( -> ...Qf1)} 54. f8=Q {KQ-KQ} Qd6 (54... Qg1+ $142 55. Kh5 Qc5) 55. Qf4+ Kd5 56. Qd2+ Kc4 57. Qa2+ Kb4 58. Kf5 Qd3+ 59. Ke6 Qb3+ 60. Ke5 {Precision: White = 42%, Black = 70%.} 0-1

[Event "TUR-chT Superleague 2018"]
[Site "Ankara"]
[Date "2018.08.02"]
[Round "9"]
[White "Safarli, Eltaj"]
[Black "Yilmaz, Mustafa"]
[Result "1/2-1/2"]
[WhiteElo "2676"]
[BlackElo "2630"]
[Annotator "TA"]
[PlyCount "60"]
[EventDate "2018.07.25"]
[EventType "team-tourn"]
[EventCountry "TUR"]
[SourceTitle "playchess.com"]
[Source "ChessBase"]
[SourceQuality "1"]

{[%evp 13,60,22,15,10,26,14,18,18,33,21,31,28,25,24,66,0,0,0,-8,0,0,-72,-77,-102,-85,-108,-61,-108,-105,-92,-54,-45,-62,-52,0,0,0,0,0,0,0,0,0,-29984,520,124,124,0,526]} 1. e4 c5 2. Nf3 d6 3. d4 cxd4 4. Nxd4 Nf6 5. Nc3 a6 6. Qe2 {B90: Sicilian Najdorf: Unusual White 6th moves, 6 Be3 Ng4 and 6 Be3 e5} (6. f3 e5 7. Nb3 Be6 8. Be3 Be7 9. Qd2 Nbd7 10. g4 O-O 11. g5 Nh5 12. O-O-O b5 13. Nd5 Bxd5 14. exd5 f6 15. gxf6 Bxf6 16. Kb1 Nf4 17. Rg1 Kh8 18. Bd3 Bg5 19. Na5 Bh6 20. Nc6 Qh4 21. Qb4 {½-½ (49) Caruana,F (2784)-Mamedyarov,S (2809) Berlin 2018}) 6... e6 7. g4 {[%cal Bg2g4,Bg4g5][%mdl 32]} Nc6 {LiveBook: 4 Games} 8. Nxc6 bxc6 9. g5 Nd7 10. Bd2 $146 ({Predecessor:} 10. h4 a5 11. f4 Ba6 12. Qg2 Bxf1 13. Rxf1 d5 {1-0 (27) Czebe,A (2472)-Kozma,E (2050) Zalakaros 2009}) 10... Be7 11. h4 O-O 12. f4 d5 13. O-O-O Rb8 14. exd5 ({Better is} 14. h5 $14) 14... exd5 $11 {[%cal Be6d5,Bd5d4][%mdl 32]} 15. h5 Re8 (15... Qb6 16. Na4 $16) 16. Qf3 Nc5 {Hoping for ...Qb6.} 17. Bd3 (17. Kb1 $1 $11) 17... d4 18. Ne4 Nxd3+ 19. Qxd3 Be6 {...Qd5 is the strong threat.} 20. Rdg1 c5 $40 {[%mdl 128] Threatens to win with ...c4. Black wants a kill.} 21. c4 dxc3 22. Qxc3 Rb4 23. Qe5 $1 ({But not} 23. Nf6+ $2 Bxf6 24. gxf6 Rc4 $19) 23... Rc4+ (23... Bxa2 24. Bc3 $17) (23... Qd3 $1 $15 24. g6 Rc4+ 25. Bc3 Qe3+ 26. Nd2 Qxe5 27. gxf7+ Kxf7 28. fxe5 Rf4) 24. Bc3 $1 {[%csl Gc3][%cal Re5g7]} Qd4 $1 {[%cal Rd4e5] [#]} 25. Nf6+ $1 {[%mdl 512]} Bxf6 (25... gxf6 26. gxf6+) 26. gxf6 g6 27. hxg6 fxg6 {White must now prevent ...Bf7.} 28. Rxh7 $2 {[%mdl 8192]} (28. Rd1 $11 Rxc3+ 29. bxc3) 28... Kf8 $4 {[%mdl 8192]} ({Stronger than} 28... Kxh7 29. Rh1+ Kg8 {[#]} 30. f7+ $1 {[%mdl 512]} Kxf7 31. Rh7+ Kg8 32. Rh8+ Kf7 33. Rh7+ Kg8 34. Rh8+ Kf7 35. Rh7+ $11) (28... Qxg1+ {and all is fine.} 29. Kc2 Qf2+ 30. Kc1 Qf1+ 31. Kc2 Bf5+ 32. Qxf5 Qe2+ 33. Kc1 gxf5 34. f7+ Kxh7 35. fxe8=Q Qxe8 36. a3 Rxf4 37. Kc2 Qe4+ 38. Kb3 Qd5+ 39. Kc2 Rf2+ 40. Kb1 Qb3 41. Bd2 Rxd2 42. Kc1 Qxb2#) 29. Rh8+ $2 (29. Rxg6 $18 {is the precise move to win. Rh8+ would kill now.} Qxe5 30. fxe5) 29... Kf7 $16 30. Rh7+ $2 {[%mdl 8192]} (30. Rhh1 $16) 30... Kf8 {[%mdl 32768] Precision: White = 56%, Black = 63%. . An unexpected result.} 1/2-1/2

[Event "TUR-chT Superleague 2018"]
[Site "Ankara"]
[Date "2018.08.02"]
[Round "9"]
[White "Kovalev, Vladislav"]
[Black "Nihal Sarin"]
[Result "1/2-1/2"]
[WhiteElo "2667"]
[BlackElo "2556"]
[Annotator "TA"]
[PlyCount "62"]
[EventDate "2018.07.25"]
[EventType "team-tourn"]
[EventCountry "TUR"]
[SourceTitle "playchess.com"]
[Source "ChessBase"]
[SourceQuality "1"]

{[%evp 24,62,14,0,16,-16,-24,-18,-18,-25,-13,-11,0,0,0,-8,-11,-13,0,-3,0,0,0,0,0,0,0,0,0,0,0,0,0,0,0,0,0,0,0,0,0]} 1. e4 c5 2. Nc3 Nc6 3. Nf3 e6 4. d4 cxd4 5. Nxd4 Qc7 6. Be2 Nf6 7. O-O Be7 8. Be3 O-O 9. f4 d6 10. Kh1 Nxd4 11. Qxd4 b6 {B83: Sicilian Scheveningen: 6 Be2, lines without ...a6} 12. Bf3 Bb7 13. a4 {[#] LiveBook: 4 Games} d5 $146 ({Predecessor:} 13... e5 14. Qd3 a6 15. Rad1 Rac8 16. g4 d5 17. exd5 e4 18. Nxe4 Nxd5 19. Ng5 Bxg5 20. Bxd5 {0-1 (59) Fedorchuk,S (2633)-Vazquez Igarza,R (2574) Linares 2017}) 14. exd5 Nxd5 15. Nxd5 Bxd5 16. Bxd5 exd5 17. Qd3 {The position is equal.} Bf6 18. c3 Rad8 19. Bd4 Bxd4 20. Qxd4 Rfe8 21. Rae1 Qc5 22. Qxc5 bxc5 23. Rxe8+ Rxe8 $11 {[%mdl 4096] Endgame KR-KR} 24. Rd1 a5 25. Kg1 Rd8 26. b4 axb4 27. cxb4 cxb4 28. Rd4 Rb8 {And now ...b3 would win.} 29. Rxd5 b3 30. Rd1 g6 31. a5 Ra8 1/2-1/2

[Event "TUR-chT Superleague 2018"]
[Site "Ankara"]
[Date "2018.08.02"]
[Round "9"]
[White "Gledura, Benjamin"]
[Black "Alekseenko, Kirill"]
[Result "1/2-1/2"]
[WhiteElo "2626"]
[BlackElo "2635"]
[Annotator "TA"]
[PlyCount "61"]
[EventDate "2018.07.25"]
[EventType "team-tourn"]
[EventCountry "TUR"]
[SourceTitle "playchess.com"]
[Source "ChessBase"]
[SourceQuality "1"]

{[%evp 33,61,0,0,0,4,0,0,0,0,0,0,0,0,0,0,0,7,6,8,0,0,0,0,0,0,0,0,0,0,0]} 1. d4 Nf6 2. c4 g6 3. Nc3 d5 4. cxd5 Nxd5 5. e4 Nxc3 6. bxc3 Bg7 7. Nf3 c5 8. Bb5+ Nc6 9. O-O O-O 10. Be3 cxd4 11. cxd4 Bg4 12. Bxc6 bxc6 13. Rc1 Qa5 14. Qd2 Qxd2 {D85: Exchange Grünfeld: Unusual White 7th moves and lines with 7 Nf3} 15. Nxd2 Rfd8 16. e5 (16. Nb3 a5 17. Rxc6 a4 18. Nc5 Bxd4 19. Bxd4 Rxd4 20. f3 Rc8 21. Rxc8+ Bxc8 22. Rc1 {½-½ (32) Bruzon Batista,L (2699)-Dominguez Perez,L (2757) Linares 2013}) 16... Be6 17. Rxc6 Bxa2 {LiveBook: 4 Games. The position is equal.} 18. Ra1 Bd5 19. Rc7 a5 20. Ra4 f6 $146 ({Predecessor:} 20... Be6 21. f4 Bf8 22. Rc5 Bd5 23. Nc4 e6 {½-½ (23) Serner,A (2443)-Begliy,M (2401) ICCF email 2014}) 21. f4 ({Of course not} 21. Rxe7 Rdc8 $17) 21... e6 22. Rc5 fxe5 23. dxe5 ({Don't play} 23. fxe5 Bf8 $15) 23... Bf8 24. Rcxa5 Rxa5 (24... Rab8 {seems wilder.} 25. Ne4 Rb1+ 26. Kf2 Rb2+ 27. Kg3 Be7) 25. Rxa5 Bb4 26. Rb5 Bxd2 27. Bxd2 Bxg2 28. Kxg2 Rxd2+ 29. Kg3 h5 30. Rb8+ Kf7 31. Rb7+ 1/2-1/2